Catálogo

Britannica book of the year / (Registro nro. 36998)

Detalles MARC
000 -LEADER
fixed length control field 01386cam a2200313 i 4500
001 - CONTROL NUMBER
control field 36998
005 - DATE AND TIME OF LATEST TRANSACTION
control field 20191007100708.0
008 - FIXED-LENGTH DATA ELEMENTS--GENERAL INFORMATION
fixed length control field 140415s1989 iluab r 000 0 eng d
020 ## - INTERNATIONAL STANDARD BOOK NUMBER
International Standard Book Number 0852295049
040 ## - CATALOGING SOURCE
Original cataloging agency MX-PuUPA
Language of cataloging spa
Description conventions rda
Transcribing agency Mx-PuUPA
Modifying agency Mx-PuUPA
041 ## - LANGUAGE CODE
Language code of text/sound track or separate title eng
082 0# - DEWEY DECIMAL CLASSIFICATION NUMBER
Classification number 031
Item number BRI
770 1# - SUPPLEMENT/SPECIAL ISSUE ENTRY
Relationship information Suplemento de(obra):
Title The new encyclopaedia britannica
Edition Fifteenth edition
Place, publisher, and date of publication Chicago : University of Chicago,1993
Physical description 29 volúmenes : ilustraciones, mapas, láminas (algunas a color) ; 29 cm. +1 volumen Guide to the Britannica + 2 volúmenes Index
Record control number (Mx-PuUPA) 000007051
130 1# - MAIN ENTRY--UNIFORM TITLE
Uniform title Obra.
Name of part/section of a work Encyclopaedia Britannica
245 10 - TITLE STATEMENT
Title Britannica book of the year /
Statement of responsibility, etc. director of yearbooks J. Thomas Beatty ; editors Daphne Daume.
246 31 - VARYING FORM OF TITLE
Title proper/short title 1989 britannica book of the year
246 38 - VARYING FORM OF TITLE
Title proper/short title Encyclopaedia Britannica, 1989 book of the year :
Remainder of title events of 1988
264 #1 - PRODUCTION, PUBLICATION, DISTRIBUTION, MANUFACTURE, AND COPYRIGHT NOTICE
Place of production, publication, distribution, manufacture Chicago :
Name of producer, publisher, distributor, manufacturer Encyclopaedia Britannica, University of Chicago,
Date of production, publication, distribution, manufacture, or copyright notice 1989
300 ## - PHYSICAL DESCRIPTION
Extent 910 páginas :
Other physical details ilustraciones, mapas, fotografías ;
Dimensions 29 cm.
336 ## - CONTENT TYPE
Content type term texto
Source rdacontent
Content type code txt
337 ## - MEDIA TYPE
Media type term sin medio
Source rdamedia
Media type code n
338 ## - CARRIER TYPE
Carrier type term volumen
Source rdacarrier
Carrier type code nc
650 #4 - SUBJECT ADDED ENTRY--TOPICAL TERM
Topical term or geographic name entry element Historia
650 #4 - SUBJECT ADDED ENTRY--TOPICAL TERM
Topical term or geographic name entry element Enciclopedias y diccionarios
General subdivision Inglés
700 1# - ADDED ENTRY--PERSONAL NAME
Personal name Beatty, J. Thomas,
Relator term director
700 1# - ADDED ENTRY--PERSONAL NAME
Personal name Daume, Daphne,
Relator term editor
700 1# - ADDED ENTRY--PERSONAL NAME
Personal name Watson, Louise,
Relator term editor
942 ## - ADDED ENTRY ELEMENTS (KOHA)
Classification part 031
Item part BRI
Koha item type Libro
Existencias
Withdrawn status Lost status Source of classification or shelving scheme Damaged status Not for loan Collection code Home library Current library Shelving location Date acquired Source of acquisition Inventory number Total Checkouts Full call number Barcode Date last seen Price effective from Koha item type
    Dewey Decimal Classification     Referencia Biblioteca Karol Wojtyla Biblioteca Karol Wojtyla Área de silencio 09/05/2018 Compra 151000000000000000071575   031 BRI 1989 29443 05/01/2026 09/05/2018 Libro R